| 000 | 00618nam a2200217Ia 4500 | ||
|---|---|---|---|
| 005 | 20260429112308.0 | ||
| 008 | 260429s9999||||xx |||||||||||||| ||und|| | ||
| 020 | _a9789392262852 | ||
| 041 | _aEnglish | ||
| 082 |
_a338.5 _bVER |
||
| 100 | _aVerma, Lalit Kumar | ||
| 245 | 0 |
_aManagerial economics : _bsolutions for digital world / _cLalit Kumar Verma |
|
| 260 |
_aJaipur : _bBook Enclave, _c2024. |
||
| 300 | _avii, 244 p.; hb | ||
| 650 | _a Business economics | ||
| 650 | _a Decision making | ||
| 650 | _a Digital economy | ||
| 650 | _a Management studies | ||
| 650 | _aManagerial economics | ||
| 942 | _cTB | ||
| 999 |
_c53362 _d53362 |
||